000 00350 a2200169 4500
001 182582
020 _a
040 _cMagnum
100 _aCony, Carlos Heitor
240 1 0 _aQuase memória
_lpor
245 1 0 _aQuase memória
300 _a223
362 0 _a1995
440 1 _aCompanhia das Letras
697 _aLITERATURA GERAL
942 _cBK
999 _c182582
_d182582